000 00327nam a2200145Ia 4500
008 230718s9999 xx 000 0 und d
041 _aEng.
082 _a34307
_bAHM-B
100 _aAhmad, Mian Rauf
245 0 _aBussiness Laws
260 _aPakistan
_bAzeem Academy
_c2001
300 _a344
650 _aLaw
999 _c28642
_d28642